Прискорений курс англійської мови (Запис № 406266)

МАРК-запис
000 -Лідер
fixed length control field 00832nam a22002417a 4500
003 - Ідентифікатор контрольного номера
control field UA-OsUOA
001 - Контрольний номер
control field 120141
007 - Фіксоване поле фізичного опису
fixed length control field ta
008 - Елементи даних фіксованої довжини – загальна інформація
fixed length control field 20161208b un ||||| |||| 00| 0 ukr d
090 ## - Локальний шифр розміщення
Класифікаційний індекс УДК 811.111
Авторський знак (НП) П77
040 ## - Джерело каталогізації
Агенція оригінальної каталогізації UA-OsUOA
Мова каталогізації ukr
Агенція, яка здійснювала перезапис UA-OsUOA
Агенція, яка здійснювала модифікацію UA-OsUOA
041 ## - Код мови
Код мови тексту/ звукової доріжки чи окремого заголовка (П) ukr
080 ## - Індекс Універсальної десяткової класифікації
Індекс Універсальної десяткової класифікації (УДК) (НП) 811.111
020 ## - Міжнародний стандартний книжковий номер (ISBN)
Міжнародний стандартний книжковий номер (ISBN) (НП) 966-95747-1-4
245 ## - Відомості про назву
Назва (НП) Прискорений курс англійської мови
Решта назви (НП) підручник
Дані про відповідальність (НП) Л. Ю. Куліш, Є. О. Друянова, В. Л. Мотова, А. І. Мостицька
260 ## - Публікація, розповсюдження і т.п. (Вихідні дані)
Місце публікації, розповсюдження і т.п. (П) К.
Ім’я/ наймення видавництва, розповсюджувача і т.п. (П) Чумацький шлях
Дата публікації, розповсюдження і т.п. (П) 2001
250 ## - Відомості про видання (редакцію)
-- 4-те вид., випр. та доп.
300 ## - Фізичний опис
Обсяг 360 с.
650 #7 - Додаткове предметне введення – тематичний термін
Тематичний термін чи географічна назва, як елемент введення (НП) 8 Мовознавство. Художня література. Літературознавство
Джерело заголовка чи терміна UDC
942 ## - Додаткові елементи входу (Коха)
Тип елемента Koha Книги
955 ## - Код типу видання за змістом
Код типу видання за змістом (НП) Навчальні видання
Фонди
Стан вилучень Стан втрат Джерело класифікації або схеми стелажів Стан уражень Не для кредиту Постійне місце розташування Поточне розміщення Дата придбання Джерело придбання Вартість, звичайна ціна покупки Інвентарний номер Усього замовленно Повний номер виклику Штрих-код Дата останнього перегляду Ціна ефективна від Тип елемента Koha Дата останньої перевірки
    Universal Decimal Classification     АБ - Абонемент НБ АБ - Абонемент НБ 08/12/2016 51/2016 40.00 152769   811.111 П77 152769 10/01/2022 08/12/2016 Книги  
    Universal Decimal Classification     АБ - Абонемент НБ АБ - Абонемент НБ 04/12/2018 52/2018 40.00 160591 1 811.111 П77 160591 10/01/2022 08/12/2016 Книги 12/09/2019
    Universal Decimal Classification     АБ - Абонемент НБ АБ - Абонемент НБ 04/12/2018 52/2018 40.00 160592 1 811.111 П77 160592 10/01/2022 08/12/2016 Книги 12/09/2019
    Universal Decimal Classification     АБ - Абонемент НБ АБ - Абонемент НБ 04/12/2018 52/2018 40.00 160593 1 811.111 П77 160593 10/01/2022 08/12/2016 Книги 12/09/2019